00893nam a2200217 i 450000100060000000300090000600500170001500700030003200800410003510000370007624500790011326000650019230000390025759500510029665000510034771000490039871100670044785200220051499900170053695201220055334038ES-MaACL20230906154851.0t|030204s1963 sp ||||1| spa d1 aBlanco García, Félix.92925510aTuberculosis abdomino-genital de la mujer / cpor Félix Blanco García. aZaragoza : bInstitución "Fernando el Católico", c1963. a62 p., 1 lám. : bil. ; c24 cm. aSeparata de: IV Jornadas Médicas Aragonesas.00aAparato genital femenino-xEnfermedades.999102 aInstitución "Fernando el Católico"947212 aJornadas Médicas Aragonesas (n4º. d1963. cZaragoza)9836 aES-MaACLjC-25211 c34038d34038 00104070aATENEOMbATENEOMcDEPO2d2008-01-17eSCl0oC-25211p1035482r2023-02-23 00:00:00w2023-02-23yMONOGRAFIA